| 000 | 00551nam a22001697a 4500 | ||
|---|---|---|---|
| 020 | _qHard Cover. | ||
| 082 | _a200 | ||
| 100 | _aMajeed, Bushara | ||
| 245 |
_aParticle Dynamics and Some Thermodynamic Aspects of Black Holes/ _cBushra Majeed. |
||
| 260 |
_aIslamabad: _bSNS - NUST, _c2018. |
||
| 300 |
_a122 p. : _c30cm. |
||
| 650 |
_aPhD-Mathematics _9123169 |
||
| 700 |
_aDr. Mubasher Jamil. _916806 |
||
| 856 | _uhttp://10.250.8.41:8080/xmlui/handle/123456789/26317 | ||
| 942 |
_2ddc _cSC |
||
| 999 |
_c528056 _d528056 |
||